Courseware on Modern India/ (Record no. 216258)

MARC details
000 -LEADER
fixed length control field 00546nam a22001937a 4500
005 - DATE AND TIME OF LATEST TRANSACTION
control field 20260519110029.0
010 ## - LCCN (DPL NO)
LC control number ENG-148526
020 ## - INTERNATIONAL STANDARD BOOK NUMBER
International Standard Book Number 9789364445849
Terms of availability 775.00
035 ## - SYSTEM CONTROL NUMBER
System control number EN-132058
037 ## - SOURCE OF ACQUISITION
Source of stock number/acquisition DBAD
082 ## - DEWEY DECIMAL CLASSIFICATION NUMBER
Edition number 1
Classification number 954
100 ## - MAIN ENTRY--PERSONAL NAME
Personal name Sangwan, Nitin
245 ## - TITLE STATEMENT
Title Courseware on Modern India/
Statement of responsibility, etc Sangwan, Nitin
250 ## - EDITION STATEMENT
Edition statement 1
260 ## - PUBLICATION, DISTRIBUTION, ETC. (IMPRINT)
Place of publication, distribution, etc Chennai
Name of publisher, distributor, etc McGraw Hill
Date of publication, distribution, etc 2026
270 ## - ADDRESS
Address 5/90 A, Butt Road, St. Thomas Mount
City Chennai
Postal code 600016
300 ## - PHYSICAL DESCRIPTION
Extent 620p.
Dimensions 24cm(pb)
Other physical details Index
942 ## - ADDED ENTRY ELEMENTS (KOHA)
Source of classification or shelving scheme Dewey Decimal Classification
Item type English Books
Classification part 954
Call number suffix SAN
Edition 1

No items available.


© Delhi Public Library
Hit Counter
free hit counter